00340nam a2200109Ia 4500008004100000082000800041100001800049245004300067942000600110952009900116999001500215240331s9999 xx 000 0 und d bARU aArunasalam, K 0aIlankaiyil tamiliyal aaivu muyatchikal cL 001040708LaWERCLbWERCLcSSCd2024-03-31l0o 894.811 ARUp2570r2024-03-31w2024-03-31yL c3840d3840